000 00392nam a22001217a 4500
082 _a200 THE
100 _aAmna Tehreem
_970145
245 _aTH-SOF-1281-PARALLEL ARCHITECTURES FOR DATA MINING AND MACHINE LEARNING ALGORITHMS
260 _aIslamabad
_bNUST College of EME
_c2016
650 _a MS-COMPUTER ENGINEERING-81 MSTHESIS
700 _aSupervisor Dr. Shoab Ahmad Khan
942 _cCF
999 _c577177
_d577177